000 00321nam a2200133Ia 4500
008 190216s9999||||xx |||||||||||||| ||und||
100 _aMansfield D
245 0 _aElectrochemistry
250 _a1st Ed.
260 _bHeinemann Educational Books Ltd
_c1974
300 _a63 p
650 _aChemistry-Chemistry
942 _cBK
999 _c2258
_d2258